Größte Städte nach Land #2 - Statistiken

Allgemein
  • Dieses Quiz wurde 80 mal gespielt
  • Das Durchschnittsergebnis liegt bei 19 aus 30
Antwortstatistiken
Antwort % Korrekt
Toronto
99%
Peking
97%
Warschau
97%
London
96%
Mumbai
91%
Shanghai
89%
Birmingham
87%
Delhi
87%
Liverpool
87%
Krakau
84%
Vancouver
84%
Glasgow
80%
Montreal
80%
Lagos
76%
Guangzhou
69%
Abuja
63%
Łódź
63%
Kalkutta
61%
Leeds
61%
Breslau
57%
Calgary
47%
Posen
43%
Chennai
41%
Edmonton
40%
Shenzhen
40%
Bangalore
39%
Kano
30%
Chengdu
29%
Ibadan
16%
Port Harcourt
10%
Keine übereinstimmenden Quizze gefunden
Verteilung der Resultate
Anzahl Personen mit jedem Resultat
Perzentil nach korrekt beantworteten Fragen
Ihre Resultats-Entwicklung
Sie haben dieses Quiz noch nicht gespielt